[Event "NOR-ch Clubs 2017"]
[Site "Kristiansund"]
[Date "2017.10.21"]
[Round "2"]
[White "Kallset, Oystein Viken"]
[Black "Kaasen, Tor Fredrik"]
[Result "0-1"]
[WhiteElo "1419"]
[BlackElo "2371"]
[Annotator "TA"]
[PlyCount "40"]
[EventDate "2017.??.??"]
[EventType "team-tourn"]
[EventCountry "NOR"]
[SourceTitle "playchess.com"]
[Source "ChessBase"]
[SourceQuality "1"]

{[%evp 20,40,3,4,0,-120,-130,-238,-237,-250,-217,-258,-261,-317,-197,-256,-241,-499,-390,-364,-351,-1225,-1221]} 1. c4 Nf6 2. Nc3 g6 3. e4 d6 4. d4 Bg7 5. Nf3 O-O 6. Be2 Nbd7 7. h3 e5 8. Be3 exd4 9. Nxd4 Re8 10. f3 c6 11. Qd2 d5 {E90: King's Indian: Classical: Early deviations and 6 h3} 12. Bg5 (12. exd5 $11 cxd5 13. O-O-O (13. cxd5 Nb6 $11) (13. Nxd5 Nxd5 14. cxd5 Rxe3 $17)) (12. cxd5 cxd5 13. O-O Nb6 14. Bb5 Bd7 15. Qf2 dxe4 16. fxe4 Nxe4 17. Qxf7+ Kh8 18. Bxd7 Qxd7 19. Qxd7 Nxd7 {0-1 (31) Schlupp,O (2151)-Meduna,E (2460) Prague 2006}) 12... dxe4 $17 13. Nxe4 $146 (13. O-O-O $17) ({Predecessor:} 13. O-O-O exf3 14. Bxf3 Qa5 15. Rhf1 Ne5 16. Qf4 Nfd7 17. Nb3 Qb4 18. h4 Qxc4 19. Qe3 {0-1 (26) Neulaendtner,J (1750)-Baumhus,R (2335) Erlangen 1997}) 13... Nxe4 $19 {Black is clearly better.} 14. fxe4 Qb6 15. Nb3 Rxe4 16. O-O-O Re8 17. h4 (17. Rhe1 {might work better.}) 17... Nc5 18. h5 $2 (18. Nxc5 Qxc5 19. Bd3) 18... Nxb3+ 19. axb3 Qxb3 {[#] Strongly threatening ...Bf5.} 20. Rh3 $2 (20. h6 Be5 21. Qc2) 20... Bxh3 0-1

[Event "NOR-ch Clubs 2017"]
[Site "Kristiansund"]
[Date "2017.10.21"]
[Round "2"]
[White "Brastad, Kay Robert"]
[Black "Sjoberg, Isak"]
[Result "0-1"]
[WhiteElo "1263"]
[BlackElo "2067"]
[Annotator "NA RC"]
[PlyCount "56"]
[EventDate "2017.??.??"]
[EventType "team-tourn"]
[EventCountry "NOR"]
[SourceTitle "playchess.com"]
[Source "ChessBase"]
[SourceQuality "1"]
[TimeControl "40/5400:1800"]

{[%evp 8,52,-12,-43,0,-4,7,7,14,25,8,-3,0,-75,-39,-72,-76,-102,-91,-388,-395,-378,-412,-382,-408,-413,-418,-409,-385,-377,-397,-396,-416,-401,-380,-454,-445,32767,32767,-475,-452,-425,-451,-544,-579,-641,-667]} 1. e4 {[%emt 0:00:06]} e5 {[%emt 0:00:06]} 2. d4 {[%emt 0:00:13]} exd4 {[%emt 0:02:43]} 3. Qxd4 {[%emt 0:00:06]} Nc6 {[%emt 0:01:42]} 4. Qe3 {[%emt 0:00:10]} Nf6 {[%emt 0:02:26]} 5. Bd3 {[%emt 0:00:32] C22: Centre Game} (5. Bd2 Bb4 6. Nc3 O-O 7. O-O-O Re8 8. Qf4 Bxc3 9. Bxc3 Rxe4 10. Qg3 d5 11. f3 Re6 12. Ne2 Rd6 13. Qf4 d4 14. Nxd4 Nd5 15. Nxc6 bxc6 16. Rxd5 cxd5 {0-1 (29) Nepomniachtchi,I (2751)-Anand,V (2783) Saint Louis 2017}) 5... d6 {[%emt 0:06:52]} 6. Nc3 {[%emt 0:01:05]} Be7 {[%emt 0:01:13]} 7. Nf3 {[%emt 0:00:20]} a6 $146 {[%emt 0:03:37]} ({Predecessor:} 7... O-O 8. O-O Ng4 9. Qe2 Be6 10. Rd1 Re8 11. h3 Nge5 12. Nxe5 Nxe5 {½-½ (25) Sahuquillo Cruz,A (1766)-Rendo Quindos,P (1657) Madrid 2014}) 8. O-O {[%emt 0:01:09]} O-O {[%emt 0:01:32]} 9. Qe2 {[%emt 0:02:06]} Bg4 {[%emt 0:00:04]} 10. Nd5 {[%emt 0:01:47]} (10. Rd1 $11) 10... Ne5 {[%emt 0:06:45]} 11. Nxe7+ {[%emt 0:04:59]} Qxe7 {[%emt 0:00:07]} 12. Bg5 {[%emt 0:01:50]} Qe6 {[%emt 0:04:40]} 13. Nd4 $2 {[%emt 0:05:31]} (13. Bh4 $17) 13... Bxe2 {[%emt 0:00:14]} 14. Nxe6 {[%emt 0:00:08]} Bxf1 {[%emt 0:00:12]} ({Not} 14... fxe6 15. Bxe2 Nxe4 16. Be3 $15) 15. Nxf8 {[%emt 0:00:15]} Bxd3 {[%emt 0:00:06]} ({Lieber nicht} 15... Rxf8 16. Rxf1 Re8 17. f3 $14) (15... Kxf8 16. Rxf1 Ke7 17. f4 $11) ({Weniger gut wäre} 15... Nxd3 16. Bxf6 $17 Nc5 17. Kxf1 $17) 16. cxd3 {[%emt 0:00:30]} Kxf8 {[%emt 0:00:05]} ({Viel schwächer ist} 16... Rxf8 17. Rd1 $19) 17. Rd1 {[%emt 0:03:57]} h6 {[%emt 0:00:57]} 18. Bxf6 {[%emt 0:00:48]} gxf6 {[%emt 0:00:01]} 19. d4 {[%emt 0:00:19]} Nc4 {[%emt 0:00:17]} 20. b3 {[%emt 0:00:49]} Nb6 {[%emt 0:00:24]} 21. d5 {[%emt 0:02:40]} Ke7 {[%emt 0:00:59]} 22. Rc1 Rc8 23. f3 {[%emt 0:00:49]} c6 {[%emt 0:00:05]} 24. dxc6 {[%emt 0:01:14]} Rxc6 {[%emt 0:00:01]} 25. Rd1 {[%emt 0:01:31]} Rc2 {[%emt 0:00:06]} 26. a4 $19 {[%emt 0:00:09]} Rb2 {[%emt 0:00:17]} 27. Rd3 {[%emt 0:00:14]} Nd7 {[%emt 0:00:06]} 28. Kf1 {[%emt 0:00:06]} Nc5 {[%emt 0:00:03]} 0-1

[Event "NOR-ch Clubs 2017"]
[Site "Kristiansund"]
[Date "2017.10.21"]
[Round "3"]
[White "Romanov, Evgeny"]
[Black "Haug, Johannes"]
[Result "1-0"]
[WhiteElo "2626"]
[BlackElo "2379"]
[Annotator "TA"]
[PlyCount "74"]
[EventDate "2017.??.??"]
[EventType "team-tourn"]
[EventCountry "NOR"]
[SourceTitle "playchess.com"]
[Source "ChessBase"]
[SourceQuality "1"]

{[%evp 19,74,0,2,8,3,-31,21,21,37,26,36,10,22,28,25,0,13,17,33,24,24,16,22,26,25,22,31,23,69,59,72,22,90,87,87,97,91,90,110,97,97,107,130,136,188,134,262,262,314,309,321,256,258,263,252,260,219]} 1. d4 Nf6 2. Bg5 e6 3. Nd2 h6 4. Bh4 d5 5. e3 c5 6. c3 Nc6 7. Ngf3 Be7 8. Bd3 O-O 9. Qe2 {D03: Damenbauernspiele} (9. O-O b6 10. Ne5 Nxe5 11. dxe5 Nd7 12. Bg3 f5 13. exf6 Nxf6 14. Nf3 Bd6 15. Ne5 Qc7 16. Ng6 Rf7 17. Bxd6 Qxd6 18. f4 Bb7 19. Qe2 {½-½ (43) Milov,L (2492)-Melkumyan,H (2678) Bad Wiessee 2014}) 9... b6 10. O-O Bb7 {LiveBook: 16 Partien} 11. dxc5 {Die Stellung ist ausgeglichen.} bxc5 12. Rfe1 $146 ({Vorgänger:} 12. b3 Qa5 13. Rfc1 {1-0 (13) Le Duigou,J (1577)-Zaitseva,V (1455) LSS email 2013}) 12... Qb6 (12... Ne4 $15 13. Bxe7 Nxe7) 13. Rab1 $11 a5 14. e4 Ba6 15. exd5 Bxd3 16. Qxd3 Nxd5 17. Bg3 Rfd8 18. a4 Qa6 19. Qb5 Rd7 20. Nc4 Rb7 21. Qxa6 Rxa6 22. Nfd2 Rd7 23. Rbd1 Ra8 24. f3 Rb7 25. Bf2 Nb6 {[#]} (25... Na7 $11) 26. Nxb6 $1 $16 Rxb6 27. Nc4 Rb7 28. Re2 Kf8 29. Nd6 Rd7 30. Bxc5 Rad8 {[%cal Re7d6]} 31. Red2 g5 (31... Rb8 $16 32. f4 Kg8) 32. Kf1 ({Günstiger ist} 32. b4 $18) 32... f5 (32... Ra8 $16 {kämpft weiter.} 33. b4 axb4) 33. b4 $18 {Weiß hat entscheidenden Vorteil.} axb4 34. cxb4 e5 35. Ke2 Nd4+ 36. Bxd4 exd4 37. Nxf5 Bxb4 {Precision: Weiß = 75%, Schwarz = 20%.} 1-0

[Event "NOR-ch Clubs 2017"]
[Site "Kristiansund"]
[Date "2017.10.21"]
[Round "3"]
[White "Christiansen, Johan-Sebastian"]
[Black "Nordquelle, Daniel"]
[Result "1-0"]
[WhiteElo "2462"]
[BlackElo "2196"]
[Annotator "TA"]
[PlyCount "77"]
[EventDate "2017.??.??"]
[EventType "team-tourn"]
[EventCountry "NOR"]
[SourceTitle "playchess.com"]
[Source "ChessBase"]
[SourceQuality "1"]

{[%evp 12,77,29,29,70,68,66,66,55,65,74,57,80,77,102,102,106,45,102,103,96,98,121,95,105,91,105,117,110,110,103,110,236,230,283,272,607,328,334,339,324,333,330,277,464,456,396,237,389,388,461,281,281,207,197,197,181,187,162,86,277,245,1710,2605,1372,2428,2067,1949]} 1. c4 e6 2. g3 d5 3. Bg2 Nf6 4. Nf3 c6 5. d4 Nbd7 6. O-O Bd6 7. Nfd2 {LiveBook: 9 Games. E01: Catalan: Early deviations} b6 (7... e5 8. cxd5 cxd5 9. dxe5 Nxe5 10. Nc3 Be6 11. Qa4+ Nc6 12. e4 d4 13. Nd5 O-O 14. Nb3 d3 {½-½ (26) Grischuk,A (2761)-Radjabov,T (2784) Moscow 2012}) 8. Nc3 Bb7 9. e4 {White is slightly better.} dxe4 10. Ndxe4 Nxe4 11. Nxe4 Be7 12. Qg4 Kf8 $146 ({Predecessor:} 12... g6 13. Qf3 O-O 14. Bh6 Re8 {1-0 (31) Schleining,Z (2358)-Zschischang,M (2081) Germany 2016}) 13. Qe2 Nf6 14. Ng5 ({White should try} 14. Bf4 $16) 14... h6 ({Black should play} 14... Qxd4 $14 15. Qxe6 Qxf2+ 16. Rxf2 fxe6) 15. Nf3 $16 c5 16. Rd1 Qe8 17. Be3 Rc8 18. a4 a5 19. dxc5 Bxc5 20. Bxc5+ Rxc5 21. Rd6 Bc6 (21... Bxf3 $16 {was called for.} 22. Qxf3 (22. Bxf3 g6 $18) 22... Rxc4) 22. Rad1 Ke7 23. Ne5 Bxa4 $2 {[#]} (23... Bxg2 24. Kxg2 Qa8+ 25. f3 Rb8) 24. R1d2 Qc8 25. b3 ({Less strong is} 25. Rxb6 Rd8 $16) 25... Be8 26. Rxb6 Kf8 27. Rbd6 g6 $2 (27... Kg8 {is a better defense.} 28. Rd8 Qc7) 28. Qe3 $18 Kg7 29. Qc3 (29. Qd4 $142) 29... h5 $2 (29... Qc7 30. Qd4 Rf8) 30. Nd3 Rc7 31. Qxa5 Bc6 32. Bxc6 Rxc6 33. Nf4 Rxd6 34. Rxd6 Qb8 35. Qb6 ({Better is} 35. Rb6 $18 Qc7 36. Qb5) 35... Qa8 $2 (35... Re8 $16 {was necessary.}) 36. Qd4 {White threatens Nxe6+! and mate.} Qa5 $2 {[#]} (36... Re8 37. Nd5 e5) 37. Nxe6+ $1 {[%mdl 512] White is clearly winning.} fxe6 38. Rd7+ $1 Kh6 39. Qxf6 {Precision: White = 72%, Black = 33%.} 1-0

[Event "NOR-ch Clubs 2017"]
[Site "Kristiansund"]
[Date "2017.10.21"]
[Round "3"]
[White "Mihajlov, Sebastian"]
[Black "Kyrkjebo, Erlend"]
[Result "1-0"]
[WhiteElo "2393"]
[BlackElo "2144"]
[Annotator "TA"]
[PlyCount "53"]
[EventDate "2017.??.??"]
[EventType "team-tourn"]
[EventCountry "NOR"]
[SourceTitle "playchess.com"]
[Source "ChessBase"]
[SourceQuality "1"]

{[%evp 18,53,63,68,67,71,77,77,113,109,113,107,136,127,129,126,104,96,391,327,341,189,318,309,313,319,319,313,306,302,371,342,419,422,472,443,665,645]} 1. d4 {[%cal Bd2d4,Bd4d5][%mdl 32]} Nf6 2. c4 e6 3. Nf3 b6 4. a3 Bb7 5. Nc3 Be7 6. d5 d6 7. g3 {E12: Damenindisch (Petrosjan-System und 4. oder 5.Lg5)} (7. e4 e5 8. Be2 O-O 9. O-O c6 10. Be3 Nbd7 11. Nd2 Rc8 12. Rc1 Qc7 13. b4 Qb8 14. Qb3 a6 15. dxc6 Bxc6 16. Nd5 Nxd5 17. cxd5 {½-½ (42) Barbosa,O (2518)-Vaibhav,S (2552) chess.com INT 2017}) 7... e5 8. Bg2 O-O 9. O-O a5 10. Rb1 {LiveBook: 4 Partien} Bc8 11. Ne1 Nfd7 $146 ({Vorgänger:} 11... Bf5 12. e4 Bg6 13. Nd3 Nbd7 14. b4 Ne8 {1-0 (25) Zierke,O (2288)-Renard,L (1744) Naujac sur Mer 2011}) 12. e4 f5 {[#]} 13. exf5 $1 Rxf5 14. b4 Bg5 15. Be4 Rf8 16. Qh5 ({Bitte nicht} 16. Qg4 $6 Bxc1 17. Rxc1 Nf6 $11) 16... h6 17. Qg6 $36 {[%mdl 2048] jetzt Dh7+ und aus. Weiss bestimmt, wo es lang geht.} Qf6 $2 {[%mdl 8192]} (17... Nf6 $16) 18. Qh7+ $18 Kf7 19. Bf5 (19. f4 $142 Ke7 20. h4) 19... Ke7 {[#]} (19... Ke8 $142) 20. Be6 $1 Kd8 21. Ne4 Qe7 22. Bxg5 hxg5 23. Qg6 axb4 24. axb4 Ra2 25. Ng2 b5 26. c5 dxc5 (26... Rf6 $142 27. Nxf6 Qxf6) 27. d6 {Precision: Weiß = 75%, Schwarz = 16%.} 1-0

[Event "NOR-ch Clubs 2017"]
[Site "Kristiansund"]
[Date "2017.10.21"]
[Round "3"]
[White "Tryggestad, Andreas Garberg"]
[Black "Tari, Aryan"]
[Result "0-1"]
[WhiteElo "2250"]
[BlackElo "2578"]
[Annotator "TA"]
[PlyCount "68"]
[EventDate "2017.??.??"]
[EventType "team-tourn"]
[EventCountry "NOR"]
[SourceTitle "playchess.com"]
[Source "ChessBase"]
[SourceQuality "1"]

{[%evp 21,68,-1,9,-23,-34,-23,0,0,-6,-62,-59,-64,-43,-95,-97,-106,-87,-95,-90,-177,-171,-168,-145,-207,-199,-245,-248,-229,-12,-173,-179,-184,-160,-179,-189,-179,-172,-407,-402,-456,-442,-445,-392,-387,-375,-516,-515,-503,-487]} 1. e4 e5 2. Nf3 Nc6 3. Bb5 a6 4. Bxc6 dxc6 5. O-O Bd6 6. d4 exd4 7. Qxd4 f6 8. Be3 Ne7 9. Nbd2 Be6 10. Qc3 {C68: Ruy Lopez: Exchange Variation, sidelines} Qd7 11. Nd4 O-O-O {LiveBook: 7 Games} 12. N2b3 $146 {The position is equal.} ({Predecessor:} 12. Nxe6 Qxe6 13. Qb3 Qxb3 14. axb3 f5 15. Rad1 b5 16. exf5 {½-½ (16) Radjabov,T (2717)-Aronian,L (2756) Sochi 2006}) 12... b6 13. a4 c5 14. Nxe6 Qxe6 15. a5 ({Better is} 15. Nd2 $1 $11) 15... Qxe4 $15 16. axb6 cxb6 {Strongly threatening ...Nd5.} 17. Rxa6 (17. Nd2 $1 $15 Qb7 18. Qc4) 17... Nd5 $1 $17 {[%cal Rd5c3]} 18. Qd3 Qxd3 $40 {[%mdl 128] Black is out for blood.} 19. cxd3 Rhe8 20. Nd2 (20. Bd2 $17) 20... Nxe3 $19 21. fxe3 Bc7 (21... Rxe3 22. Nc4 $17) 22. Nc4 (22. d4 $17 {might work better.}) 22... Rxd3 23. Nxb6+ Kb7 $1 {[%cal Rb7a6]} 24. Na4 {[#]} Re5 $2 ({Less strong is} 24... Kxa6 25. Nxc5+ Kb5 26. Nxd3 $17) (24... Rd5 $1 $19 25. Ra1 {[#]} Bxh2+ $1 {[%mdl 512]} 26. Kh1 Kxa6 27. Nc3+ Kb7 28. Nxd5 Bg3) 25. Ra1 $2 (25. Re6 $1 $11 Rdd5 26. Rxe5 Bxe5 27. Rc1) 25... c4 ({Don't take} 25... Kxa6 26. Nxc5+ Kb5 27. Nxd3 $15) 26. Nc3 Bb6 ({Don't do} 26... Rexe3 27. R6a4 $17) 27. Kh1 Rdxe3 {( -> ...Re1+)} 28. g3 Rh5 29. R6a3 $2 (29. g4 Rg5 30. R6a4) 29... Rxg3 $1 30. Ne4 Rxa3 31. Rxa3 Bc7 32. h3 Kc6 33. Kg2 Rb5 34. Ra6+ Bb6 {Precision: White = 17%, Black = 71%.} 0-1

[Event "NOR-ch Clubs 2017"]
[Site "Kristiansund"]
[Date "2017.10.21"]
[Round "3"]
[White "David, Edwin"]
[Black "Barna, Andre"]
[Result "1/2-1/2"]
[WhiteElo "2211"]
[BlackElo "2148"]
[Annotator "NA"]
[PlyCount "26"]
[EventDate "2017.??.??"]
[EventType "team-tourn"]
[EventCountry "NOR"]
[SourceTitle "playchess.com"]
[Source "ChessBase"]
[SourceQuality "1"]
[TimeControl "40/5400:1800"]

1. e4 {[%emt 0:00:14]} e6 {[%emt 0:01:50]} 2. Nf3 {[%emt 0:00:26]} d5 {[%emt 0:00:38]} 3. e5 {[%emt 0:00:08]} c5 {[%emt 0:00:39]} 4. b4 {[%emt 0:00:08]} b6 {[%emt 0:01:00]} 5. a3 {[%emt 0:01:10] LiveBook: 13 Partien} Ne7 {[%emt 0:08:10]} 6. c3 $11 {[%emt 0:00:33]} Nf5 {[%emt 0:04:04]} 7. d4 {[%emt 0:00:23]} h5 {[%emt 0:00:22]} 8. Bd3 {[%emt 0:04:58]} Be7 {[%emt 0:00:59]} 9. O-O {[%emt 0:01:41]} g5 {[%emt 0:00:46]} 10. dxc5 {[%emt 0:00:34]} bxc5 {[%emt 0:00:12]} 11. bxc5 {[%emt 0:00:21]} g4 {[%emt 0:02:13]} 12. Nd4 {[%emt 0:01:11]} Bxc5 {[%emt 0:00:51]} 13. Bxf5 {[%emt 0:10:37]} exf5 {[%emt 0:03:02]} 1/2-1/2

[Event "NOR-ch Clubs 2017"]
[Site "Kristiansund"]
[Date "2017.10.21"]
[Round "3"]
[White "Moen, Ole Christian"]
[Black "Kyrkjebo, Marte B"]
[Result "1-0"]
[WhiteElo "2174"]
[BlackElo "1834"]
[Annotator "NA"]
[PlyCount "65"]
[EventDate "2017.??.??"]
[EventType "team-tourn"]
[EventCountry "NOR"]
[SourceTitle "playchess.com"]
[Source "ChessBase"]
[SourceQuality "1"]
[TimeControl "40/5400:1800"]

1. e4 {[%emt 0:00:04]} e5 {[%emt 0:00:04]} 2. Nf3 {[%emt 0:00:16]} Nc6 {[%emt 0:00:06]} 3. Bb5 {[%emt 0:00:11]} a6 {[%emt 0:00:09]} 4. Ba4 {[%emt 0:00:06]} Nf6 {[%emt 0:00:04]} 5. O-O {[%emt 0:00:08]} b5 {[%emt 0:00:08]} 6. Bb3 {[%emt 0:00:07]} Bc5 {[%emt 0:00:26]} 7. d3 {[%emt 0:02:18]} d6 {[%emt 0:01:17]} 8. Be3 {[%emt 0:00:54]} Bxe3 {[%emt 0:05:19]} 9. fxe3 {[%emt 0:00:24]} O-O {[%emt 0:01:20] LiveBook: 4 Games} 10. Qe1 $11 {[%emt 0:02:03]} Ne7 {[%emt 0:15:13]} 11. a4 {[%emt 0:00:10]} Bb7 {[%emt 0:06:15]} 12. Nc3 {[%emt 0:01:56]} b4 {[%emt 0:04:44]} 13. Ne2 {[%emt 0:00:48]} c5 {[%emt 0:01:56]} 14. Ng3 {[%emt 0:04:03]} Ng6 {[%emt 0:04:46]} 15. h4 {[%emt 0:02:27]} h6 {[%emt 0:06:23]} 16. Nf5 {[%emt 0:02:40]} Ne7 {[%emt 0:04:47]} 17. Nxh6+ {[%emt 0:03:25]} gxh6 {[%emt 0:12:02]} 18. Nxe5 {[%emt 0:00:10]} dxe5 {[%emt 0:04:52]} 19. Rxf6 {[%emt 0:00:09]} Kg7 {[%emt 0:05:12]} 20. Qf2 {[%emt 0:04:48]} Qe8 {[%emt 0:05:26]} 21. Rf1 {[%emt 0:01:28]} Ng6 {[%emt 0:01:58]} 22. Rxf7+ {[%emt 0:04:42]} Rxf7 {[%emt 0:00:34]} 23. Qxf7+ {[%emt 0:00:05]} Qxf7 {[%emt 0:00:47]} 24. Rxf7+ {[%emt 0:00:05]} Kh8 {[%emt 0:00:36]} 25. h5 {[%emt 0:00:08]} Nf8 {[%emt 0:01:42]} 26. Rxb7 {[%emt 0:00:09]} Rd8 {[%emt 0:01:06]} 27. Rb6 {[%emt 0:00:40]} Kg7 {[%emt 0:00:13]} 28. Rxa6 {[%emt 0:00:06]} Nd7 {[%emt 0:00:22]} 29. Rg6+ {[%emt 0:00:28]} Kh7 {[%emt 0:00:14]} 30. Rd6 {[%emt 0:00:06]} Kg7 {[%emt 0:00:29]} 31. Be6 {[%emt 0:00:07]} Kf6 {[%emt 0:00:57]} 32. Rxd7 {[%emt 0:00:11]} Rxd7 {[%emt 0:00:07]} 33. Bxd7 {[%emt 0:00:11]} 1-0

[Event "NOR-ch Clubs 2017"]
[Site "Kristiansund"]
[Date "2017.10.21"]
[Round "3"]
[White "Kolas, Tore"]
[Black "Lobersli, Henrik Oie"]
[Result "1-0"]
[WhiteElo "2168"]
[BlackElo "2047"]
[Annotator "NA"]
[PlyCount "47"]
[EventDate "2017.??.??"]
[EventType "team-tourn"]
[EventCountry "NOR"]
[SourceTitle "playchess.com"]
[Source "ChessBase"]
[SourceQuality "1"]
[TimeControl "40/5400:1800"]

1. e4 {[%emt 0:00:03]} e5 {[%emt 0:00:14]} 2. Nf3 {[%emt 0:00:12]} Nc6 {[%emt 0:00:21]} 3. Bc4 {[%emt 0:02:45]} Nf6 {[%emt 0:00:34]} 4. d3 {[%emt 0:00:30]} Be7 {[%emt 0:00:35]} 5. O-O {[%emt 0:01:03]} O-O {[%emt 0:00:22]} 6. Re1 {[%emt 0:01:30]} d6 {[%emt 0:00:54]} 7. a4 {[%emt 0:01:58] LiveBook: 1099 Games} Kh8 $14 {[%emt 0:04:04]} 8. h3 {[%emt 0:06:13]} Ng8 {[%emt 0:04:02]} 9. d4 {[%emt 0:02:44]} f5 {[%emt 0:15:09]} 10. dxe5 {[%emt 0:10:42]} fxe4 {[%emt 0:04:16]} 11. exd6 {[%emt 0:13:51]} exf3 {[%emt 0:25:18]} 12. dxe7 {[%emt 0:03:55]} Qxd1 {[%emt 0:00:42]} 13. Rxd1 {[%emt 0:01:31]} Ngxe7 {[%emt 0:00:28]} 14. Be3 {[%emt 0:29:25]} fxg2 {[%emt 0:07:15]} 15. Kxg2 {[%emt 0:00:16]} b6 {[%emt 0:00:50]} 16. Nc3 {[%emt 0:03:02]} Bb7 {[%emt 0:02:49]} 17. Bd3 {[%emt 0:06:46]} Nb4+ {[%emt 0:09:51]} 18. Ne4 {[%emt 0:00:09]} Nf5 {[%emt 0:00:43]} 19. Kg1 {[%emt 0:01:14]} Rae8 {[%emt 0:01:09]} 20. Ng5 {[%emt 0:00:03]} Nxe3 {[%emt 0:01:14]} 21. fxe3 {[%emt 0:00:01]} h6 {[%emt 0:00:32]} 22. Nf7+ {[%emt 0:01:26]} Rxf7 {[%emt 0:03:40]} 23. Bg6 {[%emt 0:00:01]} Ree7 {[%emt 0:00:05]} 24. Rd8+ {[%emt 0:00:07]} 1-0

[Event "NOR-ch Clubs 2017"]
[Site "Kristiansund"]
[Date "2017.10.21"]
[Round "3"]
[White "Lundeby, Oyvind Andersen"]
[Black "Unneland, Arne"]
[Result "1-0"]
[WhiteElo "2155"]
[BlackElo "1648"]
[Annotator "NA"]
[PlyCount "63"]
[EventDate "2017.??.??"]
[EventType "team-tourn"]
[EventCountry "NOR"]
[SourceTitle "playchess.com"]
[Source "ChessBase"]
[SourceQuality "1"]
[TimeControl "40/5400:1800"]

1. Nf3 {[%emt 0:00:05]} d5 {[%emt 0:00:10]} 2. e3 {[%emt 0:00:17]} Nf6 {[%emt 0:00:44]} 3. d4 {[%emt 0:00:42]} Bg4 {[%emt 0:00:33]} 4. c4 {[%emt 0:00:38]} e6 {[%emt 0:00:36]} 5. Qb3 {[%emt 0:00:38]} b6 {[%emt 0:06:54]} (5... Bxf3 $5 6. Qxb7 {[#]} (6. gxf3 b6 $14) 6... Bxg2 $1 {[%mdl 512]} 7. Bxg2 Nbd7 $14) 6. Ne5 {[%emt 0:00:21]} Bd6 {[%emt 0:04:31]} 7. cxd5 $16 {[%emt 0:01:38]} exd5 {[%emt 0:03:24]} 8. Bb5+ {[%emt 0:02:41]} Bd7 {[%emt 0:01:57]} 9. Nxd7 {[%emt 0:01:07]} Nbxd7 {[%emt 0:00:25]} 10. Bc6 {[%emt 0:01:28]} Rb8 {[%emt 0:02:14]} 11. Nc3 {[%emt 0:00:33]} O-O {[%emt 0:00:50]} 12. Bd2 {[%emt 0:04:08]} Ne4 {[%emt 0:03:49]} 13. Nxe4 {[%emt 0:12:33]} dxe4 {[%emt 0:00:35]} 14. Bxe4 {[%emt 0:06:21]} c5 {[%emt 0:01:57]} 15. Qd3 {[%emt 0:02:21]} Nf6 {[%emt 0:02:16]} 16. Bf3 {[%emt 0:02:21]} Rc8 {[%emt 0:04:51]} 17. dxc5 {[%emt 0:03:58]} Bxc5 {[%emt 0:01:12]} 18. Qxd8 {[%emt 0:02:06]} Rfxd8 {[%emt 0:07:57]} 19. Rc1 {[%emt 0:00:36]} Rd6 {[%emt 0:00:46]} 20. b4 {[%emt 0:04:51]} Rxd2 {[%emt 0:01:01]} 21. Kxd2 {[%emt 0:00:15]} Bxb4+ {[%emt 0:00:05]} 22. Ke2 {[%emt 0:00:07]} Bc5 {[%emt 0:00:29]} 23. g4 {[%emt 0:01:11]} g5 {[%emt 0:02:35]} 24. Rhd1 {[%emt 0:02:24]} Rc7 {[%emt 0:02:12]} 25. Rd8+ {[%emt 0:01:04]} Kg7 {[%emt 0:00:08]} 26. h3 {[%emt 0:00:09]} h6 {[%emt 0:05:43]} 27. Rb8 {[%emt 0:00:13]} a5 {[%emt 0:00:53]} 28. Rb7 {[%emt 0:00:10]} Rc8 {[%emt 0:03:07]} 29. Rxb6 {[%emt 0:00:27]} Bxb6 {[%emt 0:00:44]} 30. Rxc8 {[%emt 0:00:07]} Nd7 {[%emt 0:01:16]} 31. Rc6 {[%emt 0:00:54]} f6 {[%emt 0:00:49]} 32. Rxb6 1-0